000 00584nam a2200241Ia 4500
003 OSt
005 20250313154528.0
008 210210b1951 xxu||||| |||| 00| 0 eng d
040 _cAL
041 _aeng
082 _a822/774
100 _aLYND (R)
_9206167
245 _aEssays on life and literature
260 _aLondon
_bJ M Dent and Sons Ltd.
_c1951
650 _aon
_9206168
650 _aliterature
_9206169
650 _alife
_9206170
650 _aEssays
_9206171
650 _aand
_9206172
690 _aEnglish Prose
_9206173
906 _a012958
942 _2ddc
_cBK
999 _c131791
_d131791